000 004180000a22001330004500
090 _aAR
_b04114
245 1 0 _aComparative morphology of the male genitalia of derived groups of Scarabaeoidea (coleoptera)
041 0 _aInglés
500 _a<Literatura de escarabajos coprófagos>
700 1 _aScholtz, Clarke H.
_998021
100 1 _ad'Hotman, Danielle
_915901
942 _cARTICULO
773 1 _tElytron
_q3-39
_d1990
_g4
999 _c13212
_d13212